01026nam a22001577a 4500999001900000008004100019100002500060245007400085260002300159300003700182520049300219773002300712906001400735942000700749952011200756 c525932d525932240425b ||||| |||| 00| 0 eng d aMisra, Salil 951879 aHindi in the Nineteenth century: Literary and political trajectories  aSocial Scientist  a52(1-2), Jan-Feb, 2024: p.3-22  aBipan Chandra gave his first, Presidential address ‘Colonialism and moderniatio, for the modern Indian section of the Indian history congress in 1970, in which he argued that, country to conventional wisdom, the periods when the links between British colonialism and India economy were weakened or disrupted (such as during the two world wars and the depression) were also the periods when a major sport in India’s industrial development took place (Chandra 1979-138). – Reproduced  aSocial Scientist  aLANGUAGES cAR 00102ddc40709400986aIIPAbIIPAd2024-04-25h52(1-2), Jan-Feb, 2024: p.3-22 pAR131724r2024-04-25yAR